[Event "SVK-chT3B2 1819"]
[Site "Slovakia"]
[Date "2018.11.11"]
[Round "2.1"]
[White "Bielik, Jakub"]
[Black "Kvassay, Peter"]
[Result "1-0"]
[WhiteElo "1990"]
[BlackElo "2002"]
[PlyCount "61"]
[EventDate "2018.10.21"]
[EventType "team-tourn"]
[EventRounds "11"]
[EventCountry "SVK"]
[SourceTitle "CBM 189 Extra"]
[Source "ChessBase"]
[SourceDate "2019.06.03"]
[SourceVersion "1"]
[SourceVersionDate "2019.06.03"]
[SourceQuality "1"]
[WhiteTeam "Povazske Podhradie "]
[BlackTeam "Povazska Bystrica Sparta"]
[WhiteTeamCountry "SVK"]
[BlackTeamCountry "SVK"]

1. e4 a6 2. d4 b5 3. Nf3 Bb7 4. Bd3 e6 5. Bg5 Be7 6. Bxe7 Qxe7 7. 0-0 Nf6 8. Nbd2 0-0 9. Qe2 d6 10. a4 b4 11. Rfe1 e5 12. Nc4 Nfd7 13. Qd2 a5 14. c3 c5 15. dxe5 dxe5 16. Bc2 Nc6 17. Nd6 Bc8 18. Rad1 Nb6 19. Qe3 Bg4 20. h3 Bxf3 21. Qxf3 Nd4 22. cxd4 Qxd6 23. dxc5 Qxc5 24. Bb3 Rac8 25. Rc1 Qxc1 26. Rxc1 Rxc1+ 27. Kh2 Nc4 28. Qf5 f6 29. Bxc4+ Kh8 30. b3 g6 31. Qd7 1-0

[Event "SVK-chT3B2 1718"]
[Site "Slovakia"]
[Date "2018.03.04"]
[Round "10.1"]
[White "Orgon, Dusan"]
[Black "Kvassay, Peter"]
[Result "1-0"]
[WhiteElo "2027"]
[BlackElo "2005"]
[PlyCount "62"]
[EventDate "2017.10.08"]
[EventType "team-tourn"]
[EventRounds "11"]
[EventCountry "SVK"]
[SourceTitle "EXT 2020"]
[Source "ChessBase"]
[SourceDate "2019.10.17"]
[SourceVersion "1"]
[SourceVersionDate "2019.10.17"]
[SourceQuality "1"]
[WhiteTeam "Dubnica nad Vahom IV"]
[BlackTeam "Povazska Bystrica Sparta II"]
[WhiteTeamCountry "SVK"]
[BlackTeamCountry "SVK"]

1. g4 e5 2. Bg2 h5 3. d4 exd4 4. Qxd4 Nc6 5. Bxc6 bxc6 6. Qe5+ Ne7 7. g5 d6 8. Qc3 c5 9. Nf3 Rg8 10. Qd3 Be6 11. Nc3 Nc6 12. Qh7 Ne7 13. Qxh5 Ng6 14. Nd2 Rh8 15. Qf3 Nh4 16. Qc6+ Bd7 17. Qe4+ Be7 18. Nf3 Bf5 19. Qc6+ Bd7 20. Qd5 Be6 21. Qd3 Ng2+ 22. Kd1 Rb8 23. g6 f6 24. Qe4 Qd7 25. Ng5 fxg5 26. Qxg2 Bf6 27. Bxg5 Bxg5 28. Qxg5 Rxb2 29. Kc1 Rb4 30. e4 Rd4 31. f4 Qc6 1-0

[Event "SVK-chT2B 1718"]
[Site "Slovakia"]
[Date "2018.01.14"]
[Round "6.7"]
[White "Kvassay, Peter"]
[Black "Lukac, Jozef1111"]
[Result "1-0"]
[WhiteElo "1996"]
[BlackElo "1560"]
[PlyCount "43"]
[EventDate "2017.10.28"]
[EventType "team-tourn"]
[EventRounds "11"]
[EventCountry "SVK"]
[SourceTitle "EXT 2019"]
[Source "ChessBase"]
[SourceDate "2018.10.10"]
[SourceVersion "1"]
[SourceVersionDate "2018.10.10"]
[SourceQuality "1"]
[WhiteTeam "Povazska Bystrica"]
[BlackTeam "Lehota pod Vtacnikom"]
[WhiteTeamCountry "SVK"]
[BlackTeamCountry "SVK"]

1. d4 Nf6 2. Nf3 d5 3. e3 Bg4 4. c4 e6 5. Qb3 b6 6. Ne5 Bd6 7. cxd5 exd5 8. Bb5+ Bd7 9. Nxd7 Nfxd7 10. Qxd5 c6 11. Qxd6 cxb5 12. Nc3 a6 13. Nd5 Ra7 14. Bd2 Nf6 15. Qe5+ Kd7 16. Bb4 Nxd5 17. Qxd5+ Kc8 18. Rc1+ Rc7 19. Rxc7+ Qxc7 20. 0-0 Qd7 21. Rc1+ Kd8 22. Qa8 1-0

[Event "SVK-chT3B2 1718"]
[Site "Slovakia"]
[Date "2018.01.07"]
[Round "7.1"]
[White "Kvassay, Peter"]
[Black "Bielik, Jakub"]
[Result "1/2-1/2"]
[WhiteElo "2005"]
[BlackElo "1951"]
[PlyCount "86"]
[EventDate "2017.10.08"]
[EventType "team-tourn"]
[EventRounds "11"]
[EventCountry "SVK"]
[SourceTitle "EXT 2019"]
[Source "ChessBase"]
[SourceDate "2018.10.10"]
[SourceVersion "1"]
[SourceVersionDate "2018.10.10"]
[SourceQuality "1"]
[WhiteTeam "Povazska Bystrica Sparta II"]
[BlackTeam "Povazske Podhradie II"]
[WhiteTeamCountry "SVK"]
[BlackTeamCountry "SVK"]

1. d4 d5 2. Nf3 Nf6 3. Nc3 e6 4. Bg5 Be7 5. Bxf6 Bxf6 6. e4 0-0 7. Bd3 c5 8. e5 Be7 9. dxc5 Nc6 10. 0-0 Bxc5 11. Re1 f6 12. Na4 b6 13. Nxc5 bxc5 14. c3 Bb7 15. Qd2 fxe5 16. Nxe5 Nxe5 17. Rxe5 d4 18. Rxc5 dxc3 19. bxc3 Be4 20. Rd1 Bxd3 21. Qxd3 Qxd3 22. Rxd3 Rab8 23. f3 Rb1+ 24. Kf2 Rb2+ 25. Kg3 Rf5 26. Rd8+ Kf7 27. Rc7+ Kf6 28. Rf8+ Kg6 29. Rxf5 exf5 30. Rxa7 Rc2 31. Ra6+ Kf7 32. Rc6 Rxa2 33. f4 h6 34. Kf3 Rc2 35. h3 g5 36. Rxh6 Rxc3+ 37. Kf2 g4 38. hxg4 fxg4 39. Rh4 g3+ 40. Ke2 Kf6 41. Rh8 Kf5 42. Rf8+ Ke4 43. Re8+ Kxf4 1/2-1/2

[Event "SVK-chT2B 1617"]
[Site "Slovakia"]
[Date "2016.12.04"]
[Round "6.3"]
[White "Kvassay, Peter"]
[Black "Dobrotka, Martin"]
[Result "1/2-1/2"]
[WhiteElo "2010"]
[BlackElo "2128"]
[PlyCount "49"]
[EventDate "2016.10.08"]
[EventType "team-tourn"]
[EventRounds "11"]
[EventCountry "SVK"]
[SourceTitle "EXT 2018"]
[Source "ChessBase"]
[SourceDate "2017.10.13"]
[SourceVersion "1"]
[SourceVersionDate "2017.10.13"]
[SourceQuality "1"]
[WhiteTeam "Povazska Bystrica II"]
[BlackTeam "Prievidza II"]
[WhiteTeamCountry "SVK"]
[BlackTeamCountry "SVK"]

1. d4 d6 2. e4 e5 3. Nf3 Nc6 4. dxe5 Nxe5 5. Nc3 Bg4 6. Be2 Nxf3+ 7. Bxf3 Bxf3 8. Qxf3 Qf6 9. Qd3 c6 10. Be3 Be7 11. g4 Qf3 12. Rg1 Bh4 13. Rd1 Nf6 14. Qe2 Qh3 15. Bf4 0-0-0 16. Rd3 Bg3 17. Rgxg3 Qxh2 18. f3 Qh4 19. Qf2 h5 20. Qxa7 hxg4 21. Qa8+ Kc7 22. Qa5+ Kc8 23. Qa8+ Kc7 24. Qa5+ Kc8 25. Qa8+ 1/2-1/2

[Event "SVK-chT1W 1516"]
[Site "Slovakia"]
[Date "2015.11.15"]
[Round "4.6"]
[White "Kvassay, Peter"]
[Black "Szucs, Vladimir"]
[Result "1/2-1/2"]
[WhiteElo "2016"]
[BlackElo "2164"]
[PlyCount "116"]
[EventDate "2015.10.24"]
[EventType "team-tourn"]
[EventRounds "11"]
[EventCountry "SVK"]
[SourceTitle "CBM 170 Extra"]
[Source "ChessBase"]
[SourceDate "2016.02.25"]
[SourceVersion "1"]
[SourceVersionDate "2016.02.25"]
[SourceQuality "1"]
[WhiteTeam "Povazska Bystrica"]
[BlackTeam "Nitra"]
[WhiteTeamCountry "SVK"]
[BlackTeamCountry "SVK"]

1. e4 c5 2. Nf3 Nc6 3. d4 cxd4 4. Nxd4 g6 5. Be3 Nf6 6. f3 d5 7. Nc3 dxe4 8. Nxc6 Qxd1+ 9. Rxd1 bxc6 10. Nxe4 Nxe4 11. fxe4 Bg7 12. b3 Be6 13. Ba6 0-0 14. 0-0 Rfb8 15. Rd3 Be5 16. Rd2 Kg7 17. Bc5 Kf8 18. Be3 Bc7 19. h3 Bb6 20. Kf2 Rd8 21. Rfd1 Rxd2+ 22. Rxd2 Rb8 23. Ke2 Ke8 24. Bf4 Rd8 25. Bb7 Rxd2+ 26. Kxd2 Kd7 27. c3 a5 28. c4 Bc5 29. Kc3 f6 30. Ba6 Bf7 31. Bc1 g5 32. a3 Bg6 33. b4 axb4+ 34. axb4 Bf2 35. Kd3 Be1 36. b5 c5 37. b6 Kc6 38. b7 Bg3 39. Be3 Kb6 40. Bb5 Bd6 41. Bd7 Kxb7 42. Bf5 Kc6 43. g4 Bg3 44. Bg1 Kd6 45. Be3 e6 46. Bxg6 hxg6 47. Bg1 f5 48. exf5 gxf5 49. gxf5 exf5 50. Be3 Bh4 51. Bg1 Be1 52. Be3 f4 53. Bg1 Bb4 54. Ke4 Ke6 55. h4 gxh4 56. Kxf4 Kd6 57. Kg4 Be1 58. Be3 Kc6 1/2-1/2

[Event "SVK-chT2B 1415"]
[Site "Slovakia"]
[Date "2014.11.09"]
[Round "4.1"]
[White "Kvassay, Peter"]
[Black "Chovan, Milan"]
[Result "1-0"]
[WhiteElo "2048"]
[BlackElo "2093"]
[PlyCount "115"]
[EventDate "2014.10.11"]
[EventType "team-tourn"]
[EventRounds "11"]
[EventCountry "SVK"]
[SourceTitle "EXT 2019"]
[Source "ChessBase"]
[SourceDate "2018.10.10"]
[SourceVersion "1"]
[SourceVersionDate "2018.10.10"]
[SourceQuality "1"]
[WhiteTeam "Povazska Bystrica SKS II"]
[BlackTeam "Nitra ASK"]
[WhiteTeamCountry "SVK"]
[BlackTeamCountry "SVK"]

1. d4 d5 2. Nf3 Nf6 3. g3 Bf5 4. Bg2 c6 5. c4 e6 6. Nc3 Nbd7 7. cxd5 exd5 8. 0-0 Bd6 9. Nh4 Bg6 10. f3 0-0 11. e4 c5 12. Nxg6 hxg6 13. Nb5 Be7 14. e5 Ne8 15. Be3 c4 16. f4 Nb6 17. h4 Qd7 18. Nc3 Nc7 19. Kh2 f5 20. h5 Qe8 21. Bf3 gxh5 22. Bxh5 g6 23. Bf3 Kg7 24. Rh1 Rh8+ 25. Kg2 Qf7 26. Qe2 Qe6 27. Kf2 Rxh1 28. Rxh1 Rh8 29. Rxh8 Kxh8 30. a3 Kg7 31. Qf1 Qd7 32. Qg2 Kf7 33. Qh1 Kg7 34. Qg2 Kf7 35. g4 Qe6 36. Qh3 Kg7 37. Qg2 a6 38. Kg3 Qf7 39. Qh1 Qe6 40. Qg2 Qf7 41. Kf2 Qe6 42. Ke1 Kf7 43. Kd1 Ke8 44. Kc1 Kd7 45. gxf5 gxf5 46. Qg7 Ne8 47. Qh7 Kc6 48. Kd2 Bf8 49. Bh5 Ng7 50. Bf3 Ne8 51. Bh5 Ng7 52. Bf3 Ne8 53. Ne2 Nc8 54. Bf2 Ne7 55. Nc3 Qh6 56. Qf7 Nc7 57. Ke3 Qe6 58. Qxf8 1-0

[Event "Zilina-ch"]
[Site "Zilina"]
[Date "2014.05.09"]
[Round "1"]
[White "Kvassay, Peter"]
[Black "Mejsnar, Miroslav"]
[Result "1-0"]
[WhiteElo "2045"]
[BlackElo "1878"]
[PlyCount "61"]
[EventDate "2014.05.09"]
[EventType "swiss"]
[EventRounds "6"]
[EventCountry "SVK"]
[SourceTitle "CBM 160 Extra"]
[Source "ChessBase"]
[SourceDate "2014.07.01"]
[SourceVersion "1"]
[SourceVersionDate "2014.07.01"]
[SourceQuality "1"]

1. d4 Nf6 2. Nf3 d6 3. Nc3 Bf5 4. Nh4 Qd7 5. Nxf5 Qxf5 6. g3 c6 7. Bg2 d5 8. 0-0 e6 9. e4 dxe4 10. Qe2 Bd6 11. Nxe4 Nxe4 12. Bxe4 Qf6 13. d5 0-0 14. dxe6 Qxe6 15. Re1 h6 16. Bd2 Na6 17. Qh5 Qf6 18. Bc3 Qg5 19. Qf3 f5 20. h4 Qg6 21. Bd3 Nc5 22. Bc4+ Kh7 23. Rad1 Ne4 24. Bd4 b6 25. Bd3 Rae8 26. Kg2 c5 27. Be3 Be5 28. c3 Bf6 29. h5 Qg4 30. Qxg4 fxg4 31. Bf4 1-0

[Event "SVK-chT1W 1314"]
[Site "Slovakia"]
[Date "2014.03.23"]
[Round "11.5"]
[White "Kvassay, Peter"]
[Black "Kleman, Miroslav"]
[Result "0-1"]
[WhiteElo "2042"]
[BlackElo "2188"]
[PlyCount "136"]
[EventDate "2013.10.12"]
[EventType "team-tourn"]
[EventRounds "11"]
[EventCountry "SVK"]
[SourceTitle "EXT 2015"]
[Source "ChessBase"]
[SourceDate "2014.11.20"]
[SourceVersion "1"]
[SourceVersionDate "2014.11.20"]
[SourceQuality "1"]
[WhiteTeam "Povazska Bystrica"]
[BlackTeam "Modra"]
[WhiteTeamCountry "SVK"]
[BlackTeamCountry "SVK"]

1. d4 d6 2. e4 Nf6 3. Nc3 e5 4. Nf3 Nbd7 5. dxe5 dxe5 6. Bc4 Bc5 7. 0-0 0-0 8. h3 c6 9. a4 a5 10. Qe2 Nh5 11. Be3 Qf6 12. g3 Qe7 13. Kh2 Nhf6 14. Nh4 Nb6 15. Bb3 Bd4 16. Bg5 Be6 17. Qf3 Nbd7 18. Nf5 Qc5 19. h4 Bxf5 20. Qxf5 Rad8 21. Rad1 Qe7 22. Rd3 h6 23. Kg2 Kh8 24. Rf3 Bxc3 25. bxc3 Qd6 26. Rd3 Qe7 27. Rfd1 hxg5 28. hxg5 Nh7 29. Rxd7 Rxd7 30. Rxd7 Qxg5 31. Rxb7 g6 32. Qxg5 Nxg5 33. Ra7 Nxe4 34. Rxa5 f6 35. f3 Nd6 36. Rc5 Rc8 37. a5 Nb7 38. Be6 Rc7 39. Rc4 Nxa5 40. Ra4 Ra7 41. Rg4 Kh7 42. Rh4+ Kg7 43. Rg4 Nb7 44. Bf5 g5 45. Rb4 Nd6 46. Be4 c5 47. Rb2 Nxe4 48. fxe4 Ra3 49. Rb3 Ra2 50. Kf3 Rxc2 51. Kg4 Kg6 52. Ra3 c4 53. Kf3 Rd2 54. Kg4 Rd3 55. Ra4 Rxc3 56. Rb4 Rc1 57. Ra4 c3 58. Rc4 c2 59. Rc3 Re1 60. Rxc2 Rxe4+ 61. Kf3 f5 62. Rc6+ Kh5 63. Rf6 g4+ 64. Kf2 Kg5 65. Rf8 Ra4 66. Rg8+ Kf6 67. Rf8+ Ke6 68. Rd8 Ra2+ 0-1